000 00931nam a2200265Ia 4500
003 OSt
005 20221002050251.0
006 a|||||r|||| 00| 0
007 ta
008 220930b |||||||| |||| 00| 0 hin d
020 _a9789350009406 (hbk)
_c6800
024 _a9686
037 _b271, 03/03/2014, Vani Prakashan
_cReference Collections
040 _aCRL
_cCRL
_bhin
041 _2hin
_ahin
082 _aO152,3N10x, Q3.1-.8(RR)
100 _aअश्क
245 0 _aअश्क रचनावाली
260 _aनई
_bदिल्ली वाणी प्रकाशन
_c2013
490 _vखण्ड 1
650 _aहिन्दी साहित्य
700 _a नीलाभ, संपा.
942 _hO152,3N10x, Q3.1-.8(RR)
_cref
_2CC
999 _c914253
_d914253